|
|
|
|
| LEADER |
00000nam0a2200000 4500 |
| 001 |
24585 |
| 005 |
20231101205621.0 |
| 010 |
|
|
|a 5858803741
|
| 035 |
|
|
|a (RuTPU)RU\TPU\book\24814
|
| 035 |
|
|
|a BOOK00024887
|
| 090 |
|
|
|a 24585
|
| 100 |
|
|
|a 20011209d1998 m y0rusy50 ca
|
| 101 |
1 |
|
|a rus
|e ger
|
| 102 |
|
|
|a RU
|
| 105 |
|
|
|a a z 000zd
|
| 200 |
1 |
|
|a Великие промышленники
|a Сименс. Крупп
|e пер. с нем.
|
| 210 |
|
|
|a Ростов-на-Дону
|c Феникс
|d 1998
|
| 215 |
|
|
|a 320 с.
|c ил.
|
| 225 |
1 |
|
|a Исторические силуэты
|
| 464 |
|
|
|t Вернер фон Сименс
|f З. Вейхер
|
| 464 |
|
|
|t Крупп
|f Э. Шредер
|
| 600 |
|
1 |
|a Крупп-Ашерфельд
|b Х.-А.
|g Хелена-Амалия
|f 1732-1810
|c немецкая предпринимательница
|2 stltpush
|3 (RuTPU)RU\TPU\pers\13345
|
| 600 |
|
1 |
|a Сименс
|b К. (Карл Федорович)
|c немецкий предприниматель
|c младший брат Э. В. Сименса
|f 1829-1906
|g Карл (Карл Федорович)
|2 stltpush
|3 (RuTPU)RU\TPU\pers\13971
|9 4469
|
| 600 |
|
1 |
|a Сименс
|b Э. В.
|c немецкий электротехник и промышленник
|f 1816-1892
|g Эрнст Вернер
|2 stltpush
|3 (RuTPU)RU\TPU\pers\13970
|9 4468
|
| 610 |
1 |
|
|a история
|
| 610 |
1 |
|
|a экономика
|
| 610 |
1 |
|
|a экономическая история
|
| 610 |
1 |
|
|a Германия
|
| 610 |
1 |
|
|a промышленность
|
| 610 |
1 |
|
|a 19 век
|
| 610 |
1 |
|
|a промышленные династии
|
| 686 |
|
|
|a У03(4Г)
|v LBC/SL-A
|2 rubbk
|
| 686 |
|
|
|a Т3(4Г)
|v LBC/SL-A
|2 rubbk
|
| 801 |
|
0 |
|a RU
|b 63413507
|c 20011209
|g PSBO
|
| 801 |
|
2 |
|a RU
|b 63413507
|c 20120521
|g PSBO
|
| 942 |
|
|
|c BK
|